000 00293nam a22001337a 4500
020 _a81-264-0083-8
082 _a894.812.3
_bNAR/M
100 _aNARENDRANATH P
245 _aMANASARIYUM YANTHRAM
250 _a10
260 _aKOTTAYAM
_bDC BOOKS
_c2007
650 _aSTORY
_zKERALA
942 _cBK
999 _c1597
_d1597